000 01008nam a22002897a 4500
001 3923
003 FISKH
005 20240524082903.0
008 240524b cb ||||| |||| 00| 0 eng d
020 _a9780516278742
040 _aFISKH
_beng
_cFISKH
_dFISKH
050 _aCD5610.D68
082 _a929.9
100 _aDouglas, Lloyd G.
245 _aThe bald eagle /
_cby Lloyd G. Douglas
260 _aNew York :
_bScholastic,
_c2003.
300 _a24 pages :
_bcolor illustrations ;
_c16×18cm
505 _aJ
520 _aDescribes traits which make the eagle a good symbol for the United States, briefly explains how the eagle was chosen, and lists some of the places the symbol appears.
521 8 _a500
_bLexile
521 8 _aJ
_bRaz-Plus
650 _2United States
_aSeal
_vJuvenile Literature
650 _2Bale Eagle
_aUnited States
_vJuvenile Literature
650 _2Emblems
_aNational
_vJuvenile Literature
_xUnited States
942 _2ddc
_cBK
_n0
999 _c3923
_d3923